S Challenge - Random Questions - Statistics

General Stats
  • This quiz has been taken 65 times
  • The average score is 12 of 15
Answer Stats
Hint Answer % Correct
Not fast Slow
98%
Called España in its native language Spain
96%
When someone is playing an instrument alone Solo
94%
Not tall Short
92%
The _____ Union has a larger surface area than Pluto Soviet
92%
Chinese city on the Yangtze River delta Shanghai
88%
Had a referendum to leave the UK Scotland
82%
Its capital is Belgrade Serbia
82%
Going once, going twice, _____! Sold
82%
A four-cornered polygon with equal sides Square
82%
Protein fiber used for clothing. It has a "road" named after it Silk
78%
It's the gemstone of September Sapphire
73%
8-sided post found at intersections sometimes Stop Sign
65%
On the African Horn Somalia
61%
Sometimes found at an ice cream store Sorbet
18%
No matching quizzes found
Score Distribution
Percent of People with Each Score
Percentile by Number Answered
Your Score History
You have not taken this quiz